00283nam a2200121Ia 4500008004100000082001400041100001500055245002900070250000800099260002100107300001000128650002300138150201s2009 xx 000 0 und d a614bG09S aSHARMA. OP 2aA GUIDDE TO ELDERLY CARE a1ST bWHOaDELHIc2009 a1-587 aCOMMUNITY MEDICINE